[Event "Sarajevo Bosna op-B 43rd"]
[Site "Sarajevo"]
[Date "2013.06.06"]
[Round "7"]
[White "Kruskic, Mirsad"]
[Black "Klasan, Elvis"]
[Result "1/2-1/2"]
[WhiteElo "2114"]
[BlackElo "1990"]
[PlyCount "62"]
[EventDate "2013.06.01"]
[EventType "swiss"]
[EventRounds "9"]
[EventCountry "BIH"]
[SourceTitle "CBM 154 Extra"]
[Source "ChessBase"]
[SourceDate "2013.06.25"]
[SourceVersion "2"]
[SourceVersionDate "2013.06.25"]
[SourceQuality "1"]

1. d4 d5 2. c4 e6 3. Nf3 Nf6 4. g3 Be7 5. Bg2 c6 6. 0-0 0-0 7. Nc3 b6 8. Ne5 Bb7 9. b3 Nbd7 10. Nxd7 Qxd7 11. Bb2 Rad8 12. e3 Ne8 13. cxd5 cxd5 14. Qe2 Nd6 15. Rac1 Rc8 16. Rc2 Rfe8 17. Rfc1 Bf6 18. Qd3 Be7 19. f3 Nf5 20. Kf2 Nd6 21. Bf1 Rf8 22. Nb1 Rxc2+ 23. Rxc2 Rc8 24. Rxc8+ Qxc8 25. Qc3 Qxc3 26. Nxc3 Ne8 27. e4 dxe4 28. fxe4 Nd6 29. d5 exd5 30. Nxd5 Bxd5 31. exd5 f5 1/2-1/2

[Event "Sarajevo Bosna op-B 43rd"]
[Site "Sarajevo"]
[Date "2013.06.03"]
[Round "4"]
[White "Burovic, Rijad"]
[Black "Kruskic, Mirsad"]
[Result "1-0"]
[WhiteElo "1895"]
[BlackElo "2114"]
[PlyCount "61"]
[EventDate "2013.06.01"]
[EventType "swiss"]
[EventRounds "9"]
[EventCountry "BIH"]
[SourceTitle "CBM 154 Extra"]
[Source "ChessBase"]
[SourceDate "2013.06.25"]
[SourceVersion "2"]
[SourceVersionDate "2013.06.25"]
[SourceQuality "1"]

1. e4 c5 2. d3 d6 3. f4 g6 4. Nf3 Bg7 5. g3 b6 6. Bg2 Bb7 7. 0-0 Nd7 8. g4 h5 9. g5 e6 10. Qe2 Ne7 11. Nh4 Qc7 12. f5 Be5 13. fxe6 fxe6 14. Bh3 Nf8 15. c3 0-0-0 16. Be3 Nc6 17. Nd2 Qg7 18. Ndf3 Kb8 19. Rad1 Qg8 20. d4 cxd4 21. cxd4 Bg7 22. Rc1 d5 23. exd5 exd5 24. Qb5 Na5 25. Bf4+ Ka8 26. Rc7 Ne6 27. Bxe6 Qxe6 28. Rxg7 Rc8 29. Re1 Qg4+ 30. Bg3 Nc6 31. Qxd5 1-0

[Event "Sarajevo Bosna op-B 43rd"]
[Site "Sarajevo"]
[Date "2013.06.01"]
[Round "1"]
[White "Kruskic, Mirsad"]
[Black "Fejzic, Edo"]
[Result "1-0"]
[WhiteElo "2114"]
[BlackElo "1690"]
[PlyCount "73"]
[EventDate "2013.06.01"]
[EventType "swiss"]
[EventRounds "9"]
[EventCountry "BIH"]
[SourceTitle "CBM 154 Extra"]
[Source "ChessBase"]
[SourceDate "2013.06.25"]
[SourceVersion "2"]
[SourceVersionDate "2013.06.25"]
[SourceQuality "1"]

1. Nf3 Nc6 2. d4 d5 3. Bf4 Nf6 4. e3 g6 5. h3 Bg7 6. c4 e6 7. Nc3 0-0 8. Be2 Ne7 9. 0-0 b6 10. Rc1 c5 11. cxd5 Nexd5 12. Bh2 cxd4 13. exd4 Bb7 14. Qb3 Rc8 15. Ne5 Nxc3 16. bxc3 Bd5 17. c4 Ba8 18. Rfd1 Qe7 19. Bf4 Rfd8 20. Bf3 Bxf3 21. Qxf3 Qe8 22. Bg5 Nd7 23. Bxd8 Nxe5 24. dxe5 Rxd8 25. Rxd8 Qxd8 26. Rd1 Qc8 27. Qe4 Kf8 28. Rd6 Ke7 29. f4 Qc7 30. Qa8 Bh6 31. Qe4 Qc5+ 32. Rd4 Qc7 33. Kh2 Bg7 34. a4 a5 35. Rd6 Ke8 36. Rc6 Qb7 37. Rxe6+ 1-0

[Event "BIH-chT1A"]
[Site "Neum"]
[Date "2012.08.31"]
[Round "9.3"]
[White "Kruskic, Mirsad"]
[Black "Muratovic, Enver"]
[Result "0-1"]
[WhiteElo "2118"]
[BlackElo "2301"]
[PlyCount "76"]
[EventDate "2012.08.25"]
[EventType "team-tourn"]
[EventRounds "9"]
[EventCountry "BIH"]
[SourceTitle "CBM 150 Extra"]
[Source "ChessBase"]
[SourceDate "2012.10.19"]
[SourceVersion "1"]
[SourceVersionDate "2012.10.19"]
[SourceQuality "1"]

1. d4 d5 2. Nf3 Nf6 3. c4 e6 4. g3 c6 5. Nc3 dxc4 6. Bg2 Nbd7 7. a4 a5 8. e4 Bb4 9. Qc2 h6 10. 0-0 0-0 11. Rd1 Nb6 12. h3 Qe7 13. Bf4 Rd8 14. Ne5 Nfd7 15. Nxd7 Rxd7 16. Be3 Qd8 17. Qe2 Bf8 18. f4 g6 19. Rd2 Bg7 20. Rad1 Kh7 21. Qf2 Ra6 22. h4 h5 23. f5 exf5 24. exf5 Nd5 25. Bg5 Qh8 26. Ne4 Rb6 27. Bh3 Rc7 28. Kh2 Qf8 29. Rf1 Kg8 30. Qg2 gxf5 31. Bxf5 Bxf5 32. Rxf5 f6 33. Rdf2 Rf7 34. Qf3 Rb3 35. Qxh5 Rd3 36. Qg6 Ne7 37. Qh5 Nxf5 38. Rxf5 Qe7 0-1

[Event "BIH-chT1A"]
[Site "Neum"]
[Date "2012.08.26"]
[Round "3.3"]
[White "Nestorovic, Nikola"]
[Black "Kruskic, Mirsad"]
[Result "1-0"]
[WhiteElo "2430"]
[BlackElo "2118"]
[PlyCount "59"]
[EventDate "2012.08.25"]
[EventType "team-tourn"]
[EventRounds "9"]
[EventCountry "BIH"]
[SourceTitle "CBM 150 Extra"]
[Source "ChessBase"]
[SourceDate "2012.10.19"]
[SourceVersion "1"]
[SourceVersionDate "2012.10.19"]
[SourceQuality "1"]

1. e4 c5 2. Nf3 b6 3. c4 Bb7 4. Nc3 Nc6 5. d4 cxd4 6. Nxd4 g6 7. Be3 Bg7 8. Be2 d6 9. f4 Rc8 10. Bg4 Rb8 11. Qa4 Bxd4 12. Bxd4 e5 13. Bf2 Nh6 14. Bf3 0-0 15. 0-0-0 Na5 16. Kb1 Qc8 17. Nd5 Kg7 18. Qb4 Qe6 19. h3 Rbc8 20. b3 f5 21. Rhe1 Nc6 22. Qd2 fxe4 23. Bxe4 Nf5 24. Nb4 Rfd8 25. Nxc6 Bxc6 26. Bxc6 Rxc6 27. fxe5 Rcc8 28. exd6 Qxd6 29. Qxd6 Nxd6 30. Bh4 1-0

[Event "BIH-chT1A"]
[Site "Neum"]
[Date "2012.08.25"]
[Round "1.2"]
[White "Saric, Sinisa"]
[Black "Kruskic, Mirsad"]
[Result "1/2-1/2"]
[WhiteElo "2433"]
[BlackElo "2118"]
[PlyCount "106"]
[EventDate "2012.08.25"]
[EventType "team-tourn"]
[EventRounds "9"]
[EventCountry "BIH"]
[SourceTitle "CBM 150 Extra"]
[Source "ChessBase"]
[SourceDate "2012.10.19"]
[SourceVersion "1"]
[SourceVersionDate "2012.10.19"]
[SourceQuality "1"]

1. d4 Nf6 2. c4 g6 3. Nc3 Bg7 4. e4 d6 5. Nf3 0-0 6. Be2 e5 7. Be3 Nbd7 8. d5 Ng4 9. Bg5 f6 10. Bd2 Nh6 11. h4 f5 12. h5 f4 13. hxg6 hxg6 14. Qc2 g5 15. 0-0-0 g4 16. Nh4 Nc5 17. Rdg1 a5 18. Bd1 Qf6 19. Kb1 Bd7 20. g3 f3 21. Be3 b6 22. Qd2 Nf7 23. Bc2 Bh6 24. Bxh6 Qxh6 25. Qxh6 Nxh6 26. Ng6 Rf6 27. Rxh6 Kg7 28. Rgh1 Rxg6 29. Rh7+ Kf6 30. b3 Rg7 31. R7h6+ Rg6 32. R6h4 Rag8 33. a3 Nb7 34. b4 axb4 35. axb4 Nd8 36. Ba4 Bxa4 37. Nxa4 Nf7 38. Nc3 Rc8 39. Kb2 Rgg8 40. Nd1 Rh8 41. Ne3 Rcg8 42. Kc3 Rxh4 43. Rxh4 Ra8 44. Nxg4+ Kg6 45. Kb2 Ra4 46. Kb3 Ra1 47. c5 b5 48. Ne3 Ng5 49. cxd6 cxd6 50. Nf5 Nxe4 51. Ne7+ Kf7 52. Rxe4 Kxe7 53. Re3 Rb1+ 1/2-1/2

[Event "Sarajevo Bosna op-B 42nd"]
[Site "Sarajevo"]
[Date "2012.05.06"]
[Round "3"]
[White "Kruskic, Mirsad"]
[Black "Miladinovic, Zlatko"]
[Result "1/2-1/2"]
[WhiteElo "2148"]
[BlackElo "1971"]
[PlyCount "102"]
[EventDate "2012.05.05"]
[EventType "swiss"]
[EventRounds "9"]
[EventCountry "BIH"]
[SourceTitle "CBM 148 Extra"]
[Source "ChessBase"]
[SourceDate "2012.06.22"]
[SourceVersion "1"]
[SourceVersionDate "2012.06.22"]
[SourceQuality "1"]

1. d4 Nf6 2. c4 c5 3. d5 d6 4. Nc3 g6 5. e4 Bg7 6. h3 0-0 7. Nf3 a6 8. a4 Nbd7 9. Be2 Ne8 10. 0-0 e5 11. g4 h6 12. Qc2 Ndf6 13. Be3 Bd7 14. Kh2 Nh7 15. Rg1 g5 16. a5 f6 17. Rab1 h5 18. Nd2 Qc8 19. f3 Rf7 20. b4 Bf8 21. Rb2 Qd8 22. Rgb1 hxg4 23. hxg4 Bc8 24. Na4 cxb4 25. Rxb4 Be7 26. Nb6 Rb8 27. Nxc8 Qxc8 28. Ba7 Ra8 29. Be3 Bd8 30. Qa4 Ng7 31. Nb3 Nf8 32. Rc1 Ng6 33. Bf1 Nf4 34. c5 Rc7 35. Rbc4 Qd7 36. Qxd7 Rxd7 37. c6 bxc6 38. dxc6 Rc7 39. Bb6 Rcc8 40. c7 Be7 41. Rc6 Nge6 42. Bf2 Kf7 43. Bxa6 Rxa6 44. Rxa6 Rh8+ 45. Kg1 Ne2+ 46. Kf1 Nxc1 47. Nxc1 Nxc7 48. Rc6 Na8 49. a6 Ke6 50. Nb3 Kd7 51. Rc3 Rc8 1/2-1/2

[Event "Zupanja op 5th"]
[Site "Zupanja"]
[Date "2011.08.20"]
[Round "7"]
[White "Kruskic, Mirsad"]
[Black "Pandurevic, Miro"]
[Result "0-1"]
[WhiteElo "2162"]
[BlackElo "2291"]
[PlyCount "74"]
[EventDate "2011.08.19"]
[EventType "swiss"]
[EventRounds "9"]
[EventCountry "CRO"]
[SourceTitle "CBM 143 Extra"]
[Source "ChessBase"]
[SourceDate "2011.08.29"]
[SourceVersion "1"]
[SourceVersionDate "2011.08.29"]
[SourceQuality "1"]

1. c4 Nf6 2. Nc3 e5 3. Nf3 Nc6 4. g3 d6 5. Bg2 Be6 6. d3 Qc8 7. 0-0 Bh3 8. Re1 Bxg2 9. Kxg2 Be7 10. e4 0-0 11. d4 Nd7 12. Nd5 Bd8 13. Ne3 exd4 14. Nxd4 Nxd4 15. Qxd4 Bf6 16. Qd3 Nc5 17. Qc2 c6 18. Bd2 Qe6 19. f3 a5 20. Rad1 h5 21. Bc3 Be5 22. Nf5 g6 23. f4 Bxc3 24. Rxd6 Bxe1 25. Rxe6 Nxe6 26. Nh4 Rad8 27. Nf3 Nd4 28. Qd1 Nxf3 29. Qxf3 Rd2+ 30. Kh3 Rxb2 31. Qd1 Bf2 32. f5 Bc5 33. Qc1 Bd4 34. Qf4 c5 35. e5 Rf2 36. Qe4 Rxf5 37. e6 fxe6 0-1

[Event "Sarajevo Bosna op 41st"]
[Site "Sarajevo"]
[Date "2011.05.11"]
[Round "8"]
[White "Sutkovic, Damir"]
[Black "Kruskic, Mirsad"]
[Result "1-0"]
[WhiteElo "2320"]
[BlackElo "2216"]
[PlyCount "83"]
[EventDate "2011.05.03"]
[EventType "swiss"]
[EventRounds "9"]
[EventCountry "BIH"]
[SourceTitle "CBM 142 Extra"]
[Source "ChessBase"]
[SourceDate "2011.06.27"]
[SourceVersion "1"]
[SourceVersionDate "2011.06.27"]
[SourceQuality "1"]

1. d4 Nf6 2. c4 g6 3. Nc3 Bg7 4. e4 d6 5. f3 0-0 6. Be3 e5 7. d5 c6 8. Qd2 cxd5 9. cxd5 a6 10. Bd3 Nh5 11. Nge2 Nd7 12. g4 Nf4 13. Nxf4 exf4 14. Bxf4 Ne5 15. Be2 b5 16. Bg5 Qb6 17. Bh6 Bd7 18. Bxg7 Kxg7 19. h4 f6 20. h5 g5 21. Nd1 h6 22. Ne3 Rfc8 23. Kf2 Rc7 24. Rhc1 Rac8 25. Rxc7 Qxc7 26. Rd1 Kf7 27. a3 Ke7 28. Qd4 Qc5 29. Qb4 Qb6 30. Qd2 a5 31. Rc1 Rxc1 32. Qxc1 Qc5 33. Qd2 b4 34. axb4 axb4 35. b3 Nf7 36. Kg2 Nd8 37. Nc2 Qc3 38. Qxc3 bxc3 39. Kf2 Nb7 40. Ke3 Nc5 41. Bc4 Bc8 42. Kd4 1-0

[Event "Sarajevo Bosna op 41st"]
[Site "Sarajevo"]
[Date "2011.05.06"]
[Round "4"]
[White "Bogut, Zeljko"]
[Black "Kruskic, Mirsad"]
[Result "1-0"]
[WhiteElo "2433"]
[BlackElo "2216"]
[PlyCount "41"]
[EventDate "2011.05.03"]
[EventType "swiss"]
[EventRounds "9"]
[EventCountry "BIH"]
[SourceTitle "CBM 142 Extra"]
[Source "ChessBase"]
[SourceDate "2011.06.27"]
[SourceVersion "1"]
[SourceVersionDate "2011.06.27"]
[SourceQuality "1"]

1. e4 c5 2. Nf3 b6 3. c4 Bb7 4. Nc3 g6 5. d4 cxd4 6. Qxd4 Nf6 7. e5 Nc6 8. Qh4 Ng8 9. Bf4 Bg7 10. 0-0-0 Rc8 11. b3 h6 12. Qg3 e6 13. Nb5 Kf8 14. Nd6 Rc7 15. Bd3 Nce7 16. Rhe1 Nf5 17. Bxf5 gxf5 18. Nxf5 exf5 19. e6 fxe6 20. Bxc7 Qe8 21. Bd6+ 1-0

[Event "BIH-chT1"]
[Site "Tuzla"]
[Date "2010.07.20"]
[Round "4"]
[White "Vajic, Goran"]
[Black "Kruskic, Mirsad"]
[Result "1-0"]
[WhiteElo "2123"]
[BlackElo "2230"]
[PlyCount "63"]
[EventDate "2010.07.18"]
[EventType "team-swiss"]
[EventRounds "9"]
[EventCountry "BIH"]
[SourceTitle "CBM 137 Extra"]
[Source "ChessBase"]
[SourceDate "2010.09.01"]
[SourceVersion "1"]
[SourceVersionDate "2010.09.01"]
[SourceQuality "1"]

1. e4 c5 2. Nf3 b6 3. d4 cxd4 4. Nxd4 Bb7 5. Nc3 a6 6. Nf5 g6 7. Qd4 Nf6 8. Ng3 d6 9. Nd5 Nbd7 10. Nxf6+ Nxf6 11. Be3 Bg7 12. f3 b5 13. c3 0-0 14. Qd2 e5 15. Rd1 d5 16. Bd3 Qa5 17. 0-0 dxe4 18. fxe4 Ng4 19. Bc5 Rfc8 20. b4 Qd8 21. h3 Rxc5 22. bxc5 Bh6 23. Qe2 Ne3 24. Bxb5 Nxd1 25. Rxd1 Qc7 26. Bc4 Qxc5+ 27. Kh1 Rc8 28. Bb3 Rc7 29. Rd8+ Kg7 30. Qg4 Bc1 31. Nf5+ Kf6 32. Rd6+ 1-0

[Event "BIH CFFBH-chT1"]
[Site "Cazin"]
[Date "2009.07.01"]
[Round "7"]
[White "Kruskic, Mirsad"]
[Black "Trkulja, Goran"]
[Result "0-1"]
[WhiteElo "2254"]
[BlackElo "2312"]
[PlyCount "82"]
[EventDate "2009.06.27"]
[EventType "team-tourn"]
[EventRounds "9"]
[EventCountry "BIH"]
[SourceTitle "EXT 2019"]
[Source "ChessBase"]
[SourceDate "2018.10.10"]
[SourceVersion "1"]
[SourceVersionDate "2018.10.10"]
[SourceQuality "1"]

1. Nf3 d5 2. d4 Nf6 3. c4 c6 4. Nc3 dxc4 5. a4 Bf5 6. Ne5 e6 7. Nxc4 Bb4 8. Bf4 0-0 9. e3 Nd5 10. Qb3 a5 11. Bg3 Na6 12. Be2 b5 13. Ne5 bxa4 14. Rxa4 Qb6 15. Nc4 Bxc3+ 16. Qxc3 Nxc3 17. Nxb6 Nxa4 18. Nxa4 Nb4 19. Nc5 Bg6 20. Bc4 Rfd8 21. h3 Nd5 22. Kd2 Nf6 23. Ba2 Nd7 24. Rc1 Nxc5 25. Rxc5 Be4 26. f3 Bd5 27. Bb1 Rdc8 28. e4 Bb3 29. Kc3 a4 30. Bd3 Ra7 31. Bd6 f6 32. Rh5 g6 33. Rc5 Kf7 34. Kb4 Ke8 35. Ka3 Kd7 36. e5 f5 37. Rc1 Rg8 38. g3 g5 39. Bb4 Bd5 40. Rf1 Bb3 41. Rf2 h5 0-1

[Event "Zupanja op-B 15th"]
[Site "Zupanja"]
[Date "2009.04.13"]
[Round "5"]
[White "Konjicanin, Muris"]
[Black "Kruskic, Mirsad"]
[Result "1/2-1/2"]
[WhiteElo "2245"]
[BlackElo "2254"]
[PlyCount "22"]
[EventDate "2009.04.10"]
[EventType "swiss"]
[EventRounds "9"]
[EventCountry "CRO"]
[SourceTitle "CBM 129 Extra"]
[Source "ChessBase"]
[SourceDate "2009.05.05"]
[SourceVersion "2"]
[SourceVersionDate "2009.05.20"]
[SourceQuality "1"]

1. e4 e6 2. d4 d5 3. exd5 exd5 4. Nf3 Nf6 5. Bd3 Bd6 6. 0-0 0-0 7. c3 c6 8. Bg5 h6 9. Bh4 Re8 10. Nbd2 Nbd7 11. Qc2 Qc7 1/2-1/2

[Event "Zupanja op-B 15th"]
[Site "Zupanja"]
[Date "2009.04.11"]
[Round "3"]
[White "Ilic, Slobodan S"]
[Black "Kruskic, Mirsad"]
[Result "1/2-1/2"]
[WhiteElo "2213"]
[BlackElo "2254"]
[PlyCount "46"]
[EventDate "2009.04.10"]
[EventType "swiss"]
[EventRounds "9"]
[EventCountry "CRO"]
[SourceTitle "CBM 129 Extra"]
[Source "ChessBase"]
[SourceDate "2009.05.05"]
[SourceVersion "2"]
[SourceVersionDate "2009.05.20"]
[SourceQuality "1"]

1. Nf3 Nf6 2. g3 g6 3. Bg2 Bg7 4. 0-0 0-0 5. d3 d6 6. c4 e5 7. Nc3 c6 8. Qb3 Nbd7 9. Rb1 Re8 10. e4 Nc5 11. Qc2 Ne6 12. h3 Nh5 13. Ne2 f5 14. b4 Rf8 15. Bb2 c5 16. bxc5 Nxc5 17. Nh2 fxe4 18. dxe4 Be6 19. Rbd1 Qd7 20. Ng4 Qe7 21. Ne3 Rad8 22. Nc3 Bh6 23. Ncd5 Qf7 1/2-1/2

[Event "Bosnjaci op 14th"]
[Site "Bosnjaci"]
[Date "2009.01.08"]
[Round "8"]
[White "Kruskic, Mirsad"]
[Black "Budimir, Boris"]
[Result "1/2-1/2"]
[WhiteElo "2242"]
[BlackElo "2353"]
[PlyCount "55"]
[EventDate "2009.01.03"]
[EventType "swiss"]
[EventRounds "9"]
[EventCountry "CRO"]
[SourceTitle "CBM 128 Extra"]
[Source "ChessBase"]
[SourceDate "2009.03.05"]
[SourceVersion "2"]
[SourceVersionDate "2009.03.25"]
[SourceQuality "1"]

1. d4 Nf6 2. c4 d6 3. Nc3 Nbd7 4. e4 e5 5. d5 Be7 6. g3 0-0 7. Bg2 c6 8. Nge2 cxd5 9. cxd5 a5 10. h3 Rb8 11. a4 Nc5 12. Be3 Nfd7 13. 0-0 Bg5 14. Bxg5 Qxg5 15. Nb5 Qe7 16. Ra3 Nb6 17. b3 Bd7 18. Qd2 Ra8 19. Nec3 Rfc8 20. f4 Bxb5 21. Nxb5 Nbd7 22. f5 Nf6 23. Qe3 Ne8 24. Rc1 Nc7 25. Nxd6 Qxd6 26. Qxc5 Qxc5+ 27. Rxc5 Ne8 28. Rb5 1/2-1/2

[Event "Bosnjaci op 14th"]
[Site "Bosnjaci"]
[Date "2009.01.06"]
[Round "6"]
[White "Kruskic, Mirsad"]
[Black "Tomic, Bosko"]
[Result "1/2-1/2"]
[WhiteElo "2242"]
[BlackElo "2384"]
[PlyCount "40"]
[EventDate "2009.01.03"]
[EventType "swiss"]
[EventRounds "9"]
[EventCountry "CRO"]
[SourceTitle "CBM 128 Extra"]
[Source "ChessBase"]
[SourceDate "2009.03.05"]
[SourceVersion "2"]
[SourceVersionDate "2009.03.25"]
[SourceQuality "1"]

1. d4 Nf6 2. c4 g6 3. Nc3 Bg7 4. e4 0-0 5. Be2 c5 6. d5 d6 7. Bg5 e6 8. dxe6 Bxe6 9. Qd2 Nc6 10. h3 Nd4 11. Nf3 Qa5 12. Nxd4 cxd4 13. Bxf6 Bxf6 14. Nd5 Bd8 15. Qxa5 Bxa5+ 16. Kf1 Bxd5 17. exd5 Rfe8 18. Bd3 Re5 19. g3 Bb6 20. Kg2 a5 1/2-1/2

[Event "Zupanja op-A 2nd"]
[Site "Zupanja"]
[Date "2008.01.06"]
[Round "6"]
[White "Biti, Ozren"]
[Black "Kruskic, Mirsad"]
[Result "1-0"]
[WhiteElo "2394"]
[BlackElo "2305"]
[PlyCount "73"]
[EventDate "2008.01.03"]
[EventType "swiss"]
[EventRounds "9"]
[EventCountry "CRO"]
[SourceTitle "CBM 122 Extra"]
[Source "ChessBase"]
[SourceDate "2008.03.04"]
[SourceVersion "1"]
[SourceVersionDate "2008.03.04"]
[SourceQuality "1"]

1. e4 e5 2. Nf3 Nc6 3. Bc4 Bc5 4. c3 d6 5. 0-0 Nf6 6. d3 0-0 7. Nbd2 a6 8. Bb3 h6 9. Re1 Bg4 10. Nf1 d5 11. exd5 Nxd5 12. Ng3 Qd7 13. h3 Bxf3 14. Qxf3 Rad8 15. Nh5 Kh8 16. Bxh6 gxh6 17. Bxd5 f5 18. Qg3 Bd6 19. Qg6 Qh7 20. Qxh7+ Kxh7 21. g4 fxg4 22. hxg4 Kg6 23. Kg2 Bc5 24. Be4+ Kg5 25. f3 Bd6 26. Ng3 Ne7 27. Rh1 Rh8 28. Rh5+ Kf6 29. Rah1 Kg7 30. Kf1 c6 31. Ke2 b5 32. Rg1 c5 33. Nf5+ Nxf5 34. gxf5+ Kf8 35. Rg6 Rd7 36. f6 Kf7 37. Rg7+ 1-0